[Event "MNT-chTA"]
[Site "Cetinje"]
[Date "2012.09.07"]
[Round "1"]
[White "Lazarevic, Zoran"]
[Black "Cvorovic, Marto"]
[Result "1/2-1/2"]
[WhiteElo "2095"]
[BlackElo "2176"]
[PlyCount "75"]
[EventDate "2012.09.07"]
[EventType "team-tourn"]
[EventRounds "9"]
[EventCountry "MNE"]
[SourceTitle "CBM 150 Extra"]
[Source "ChessBase"]
[SourceDate "2012.10.19"]
[SourceVersion "1"]
[SourceVersionDate "2012.10.19"]
[SourceQuality "1"]

1. c4 Nf6 2. e3 g6 3. g3 Bg7 4. Bg2 0-0 5. Nc3 d6 6. Nge2 Nc6 7. 0-0 Bf5 8. d3 Qc8 9. a3 Bh3 10. Rb1 e5 11. Qc2 Qf5 12. e4 Qh5 13. f3 h6 14. Be3 Bxg2 15. Kxg2 Nh7 16. Nd5 Rac8 17. b4 Rfe8 18. g4 Qh4 19. b5 Nd4 20. Nxd4 exd4 21. Bf2 Qd8 22. Nf4 Nf8 23. Rb4 Be5 24. Ne2 Ne6 25. Ra4 Ra8 26. Bg3 Qd7 27. f4 Bg7 28. f5 Nc5 29. Rb4 a6 30. f6 Bf8 31. Nxd4 axb5 32. Nxb5 c6 33. Nc3 Rxa3 34. h3 d5 35. exd5 Nxd3 36. Rb3 Rxb3 37. Qxb3 Nc5 38. Qc2 1/2-1/2

[Event "MNT-ch 57th"]
[Site "Cetinje"]
[Date "2005.07.14"]
[Round "7"]
[White "Vujacic, Igor"]
[Black "Cvorovic, Marto"]
[Result "1-0"]
[WhiteElo "2146"]
[BlackElo "2229"]
[PlyCount "107"]
[EventDate "2005.07.08"]
[EventType "swiss"]
[EventRounds "9"]
[EventCountry "MNE"]
[SourceTitle "CBM 107 Extra"]
[Source "ChessBase"]
[SourceDate "2005.09.01"]
[SourceVersion "1"]
[SourceVersionDate "2005.09.01"]
[SourceQuality "1"]

1. e4 e5 2. Nf3 Nc6 3. d4 exd4 4. Nxd4 Bc5 5. Nxc6 Qf6 6. Qd2 bxc6 7. Bd3 Ne7 8. 0-0 Ng6 9. Kh1 d6 10. f4 0-0 11. Nc3 Bd4 12. e5 Bxc3 13. exf6 Bxd2 14. fxg7 Kxg7 15. Bxd2 f5 16. Rae1 Bd7 17. Bc3+ Kf7 18. Ba5 Rfe8 19. Rxe8 Rxe8 20. Bxc7 d5 21. Bd6 Bc8 22. Bc5 a6 23. g3 Nf8 24. b4 Nd7 25. Bd4 Nf6 26. Bxf6 Kxf6 27. Kg2 Bd7 28. Kf2 Ra8 29. Ke3 a5 30. a3 axb4 31. axb4 Ra4 32. Rb1 Ke6 33. Kd4 Kd6 34. Kc3 h6 35. Re1 Ra8 36. Re5 Rf8 37. Kd4 Be6 38. c3 Bd7 39. Ke3 Rf6 40. Kf3 Rf7 41. Ke3 Rf8 42. Kf2 Be6 43. Kf3 Bd7 44. Ke3 Be6 45. Kd4 Bd7 46. Bc2 Be6 47. Bd1 Bd7 48. Be2 Be6 49. c4 dxc4 50. Bxc4 Bd7 51. Bd3 Rf7 52. Ra5 Re7 53. Bxf5 Be8 54. Re5 1-0

[Event "MNT-ch 57th"]
[Site "Cetinje"]
[Date "2005.07.10"]
[Round "3"]
[White "Cvorovic, Marto"]
[Black "Draganic, Veljko"]
[Result "1-0"]
[WhiteElo "2229"]
[BlackElo "2311"]
[PlyCount "69"]
[EventDate "2005.07.08"]
[EventType "swiss"]
[EventRounds "9"]
[EventCountry "MNE"]
[SourceTitle "CBM 107 Extra"]
[Source "ChessBase"]
[SourceDate "2005.09.01"]
[SourceVersion "1"]
[SourceVersionDate "2005.09.01"]
[SourceQuality "1"]

1. e4 c5 2. c3 d5 3. exd5 Qxd5 4. d4 Nc6 5. Nf3 cxd4 6. cxd4 e5 7. Nc3 Bb4 8. Bd2 Bxc3 9. Bxc3 e4 10. Ne5 Nxe5 11. dxe5 Ne7 12. Qa4+ Bd7 13. Qa3 Qe6 14. Rd1 0-0 15. Rd6 Qf5 16. Be2 Ng6 17. g4 Qf4 18. Rxd7 Rfd8 19. Bd2 Qxe5 20. Rxd8+ Rxd8 21. Qc3 Qe6 22. Qe3 Nh4 23. 0-0 h5 24. Bc3 Rd5 25. f3 hxg4 26. fxg4 Qg6 27. Rf4 Nf5 28. Qxe4 Qb6+ 29. Rf2 Ne3 30. Qe8+ Kh7 31. Qxf7 Qh6 32. Qf4 Qb6 33. Bf3 Rd8 34. Be4+ Kh8 35. Qf8+ 1-0

[Event "MNT-ch 57th"]
[Site "Cetinje"]
[Date "2005.07.08"]
[Round "1"]
[White "Cvorovic, Marto"]
[Black "Blagojevic, Dragisa"]
[Result "0-1"]
[WhiteElo "2229"]
[BlackElo "2551"]
[PlyCount "72"]
[EventDate "2005.07.08"]
[EventType "swiss"]
[EventRounds "9"]
[EventCountry "MNE"]
[SourceTitle "CBM 107 Extra"]
[Source "ChessBase"]
[SourceDate "2005.09.01"]
[SourceVersion "1"]
[SourceVersionDate "2005.09.01"]
[SourceQuality "1"]

1. e4 e5 2. Nf3 Nc6 3. d4 exd4 4. c3 dxc3 5. Bc4 d6 6. Nxc3 Nf6 7. Qb3 Qd7 8. Ng5 Ne5 9. Bb5 c6 10. f4 Neg4 11. h3 cxb5 12. hxg4 h6 13. Nxb5 a6 14. Nc3 b5 15. Be3 Rg8 16. Nf3 Bb7 17. 0-0-0 Qe6 18. Qxe6+ fxe6 19. Nd4 Nxg4 20. Rhe1 Rc8 21. a3 e5 22. Ne6 Be7 23. Kb1 Kf7 24. f5 Nf6 25. Bd2 b4 26. axb4 Rc4 27. b3 Rxb4 28. Kb2 Rb8 29. Nd5 Rxe4 30. Nxe7 Kxe7 31. Nxg7 Rg4 32. Ne6 Bd5 33. Nf4 Bxb3 34. Ra1 Be6+ 35. Kc3 Bxf5 36. Rxa6 Ne4+ 0-1

[Event "MNT-ch 56th"]
[Site "Bijelo Polje"]
[Date "2004.07.26"]
[Round "11"]
[White "Cvorovic, Marto"]
[Black "Krivokapic, Marko"]
[Result "0-1"]
[WhiteElo "2207"]
[BlackElo "2329"]
[PlyCount "104"]
[EventDate "2004.07.16"]
[EventType "tourn"]
[EventRounds "11"]
[EventCountry "MNE"]
[EventCategory "5"]
[SourceTitle "CBM 101 Extra"]
[Source "ChessBase"]
[SourceDate "2004.09.01"]
[SourceVersion "2"]
[SourceVersionDate "2004.09.01"]
[SourceQuality "1"]

1. e4 c5 2. c3 Nf6 3. e5 Nd5 4. d4 cxd4 5. Qxd4 e6 6. Nf3 Nc6 7. Qe4 f5 8. Qe2 Qc7 9. g3 Nde7 10. Bg2 Ng6 11. Bf4 Be7 12. Nbd2 0-0 13. 0-0 d6 14. Rfe1 Nxf4 15. gxf4 Bd7 16. Nc4 d5 17. Ncd2 Rac8 18. Nb3 a5 19. Nbd4 Nxd4 20. Nxd4 a4 21. a3 Qb6 22. Qd2 Bc5 23. Red1 Rc7 24. Rab1 g6 25. Bf1 Rcc8 26. Qe3 Qd8 27. Qg3 Kh8 28. h4 Be7 29. Nf3 h6 30. Be2 Kh7 31. Kh2 Rg8 32. Rg1 Rc5 33. Kh3 Bb5 34. Bxb5 Rxb5 35. Nd4 Rb6 36. Rh1 Bc5 37. Nf3 Rb3 38. Nd2 Rb5 39. Rhg1 Qb6 40. Rg2 Rxb2 41. Rxb2 Qxb2 42. Nf3 Be7 43. Nd4 Qb6 44. Qd3 Bc5 45. Nb5 Bxf2 46. c4 dxc4 47. Qxc4 Qc5 48. Qxe6 Qe3+ 49. Kh2 Qxf4+ 50. Kh1 Qxh4+ 51. Rh2 Qg3 52. Rg2 Qh3+ 0-1

[Event "MNT-ch 56th"]
[Site "Bijelo Polje"]
[Date "2004.07.23"]
[Round "8"]
[White "Kontic, Djordjije"]
[Black "Cvorovic, Marto"]
[Result "1/2-1/2"]
[WhiteElo "2303"]
[BlackElo "2207"]
[PlyCount "29"]
[EventDate "2004.07.16"]
[EventType "tourn"]
[EventRounds "11"]
[EventCountry "MNE"]
[EventCategory "5"]
[SourceTitle "CBM 101 Extra"]
[Source "ChessBase"]
[SourceDate "2004.09.01"]
[SourceVersion "2"]
[SourceVersionDate "2004.09.01"]
[SourceQuality "1"]

1. e4 e5 2. Bc4 Nf6 3. d4 exd4 4. Bg5 h6 5. Bxf6 Qxf6 6. Nf3 Bb4+ 7. Nbd2 d6 8. 0-0 Bxd2 9. Qxd2 Nc6 10. Bb5 0-0 11. Bxc6 bxc6 12. Nxd4 Bd7 13. c4 a5 14. b3 Rfe8 15. f3 1/2-1/2

[Event "MNT-ch 56th"]
[Site "Bijelo Polje"]
[Date "2004.07.21"]
[Round "6"]
[White "Rabrenovic, Milinko"]
[Black "Cvorovic, Marto"]
[Result "1/2-1/2"]
[WhiteElo "2300"]
[BlackElo "2207"]
[PlyCount "85"]
[EventDate "2004.07.16"]
[EventType "tourn"]
[EventRounds "11"]
[EventCountry "MNE"]
[EventCategory "5"]
[SourceTitle "CBM 101 Extra"]
[Source "ChessBase"]
[SourceDate "2004.09.01"]
[SourceVersion "2"]
[SourceVersionDate "2004.09.01"]
[SourceQuality "1"]

1. e4 e5 2. Nf3 Nc6 3. d4 exd4 4. Nxd4 Bc5 5. Be3 Qf6 6. c3 Nge7 7. g3 d5 8. Bg2 dxe4 9. Nb5 Bxe3 10. Nxc7+ Kf8 11. fxe3 Rb8 12. Nd5 Qe5 13. Nf4 Nf5 14. Qd2 Nd6 15. 0-0 Bf5 16. Na3 Rd8 17. Qe2 g6 18. Nc4 Nxc4 19. Qxc4 Kg7 20. h3 h5 21. Rf2 Rd7 22. Raf1 Kh6 23. Qe2 Rhd8 24. g4 hxg4 25. hxg4 Be6 26. Nxe6 Qxe6 27. Rf6 Qd5 28. Qf2 Qg5 29. Qg3 Kg7 30. Qf4 Qxf4 31. R6xf4 Re8 32. Bxe4 Ne5 33. Bc2 Rd2 34. R1f2 Red8 35. Bb3 g5 36. Re4 f6 37. Rb4 b6 38. Rxd2 Rxd2 39. Be6 Nf3+ 40. Kf1 Kf8 41. Bc8 Nh2+ 42. Ke1 Nf3+ 43. Kf1 1/2-1/2

[Event "YUG-ch"]
[Site "Kladovo"]
[Date "1991.??.??"]
[Round "6"]
[White "Arsovic, Zoran"]
[Black "Cvorovic, Marto"]
[Result "1/2-1/2"]
[WhiteElo "2330"]
[BlackElo "2285"]
[PlyCount "78"]
[EventDate "1991.02.??"]
[EventType "swiss"]
[EventRounds "13"]
[EventCountry "YUG"]
[SourceTitle "TD"]
[Source "ChessBase"]
[SourceDate "1994.03.01"]
[SourceVersion "1"]
[SourceVersionDate "1994.03.01"]
[SourceQuality "1"]

1. Nf3 Nf6 2. c4 g6 3. Nc3 Bg7 4. g3 0-0 5. Bg2 d6 6. 0-0 Nc6 7. Rb1 e5 8. d3 h6 9. b4 Be6 10. b5 Ne7 11. a4 Qd7 12. Ba3 Bh3 13. c5 Bxg2 14. Kxg2 Rfe8 15. Qb3 Nf5 16. e4 Nd4 17. Nxd4 exd4 18. Nd5 dxc5 19. Nxf6+ Bxf6 20. Bxc5 Re5 21. Qc2 Rh5 22. f4 a6 23. Kg1 axb5 24. e5 Bd8 25. Rxb5 b6 26. Ba3 c6 27. Rb4 c5 28. Rb5 Rh3 29. Rfb1 Qg4 30. a5 Bh4 31. Qg2 Bxg3 32. Qxa8+ Kh7 33. Qg2 Rxh2 34. Qxh2 Bxh2+ 35. Kxh2 Qxf4+ 36. Kg2 Qg4+ 37. Kf2 Qf4+ 38. Kg2 Qg4+ 39. Kf2 Qf4+ 1/2-1/2

[Event "YUG-ch"]
[Site "Kladovo"]
[Date "1991.??.??"]
[Round "5"]
[White "Cvorovic, Marto"]
[Black "Karaklajic, Nikola"]
[Result "0-1"]
[WhiteElo "2285"]
[BlackElo "2375"]
[PlyCount "132"]
[EventDate "1991.02.??"]
[EventType "swiss"]
[EventRounds "13"]
[EventCountry "YUG"]
[SourceTitle "TD"]
[Source "ChessBase"]
[SourceDate "1994.03.01"]
[SourceVersion "1"]
[SourceVersionDate "1994.03.01"]
[SourceQuality "1"]

1. e4 d5 2. exd5 Nf6 3. d4 Nxd5 4. c4 Nb6 5. Nf3 Bg4 6. Be2 e6 7. 0-0 Nc6 8. b3 Be7 9. Bb2 Bxf3 10. Bxf3 Bf6 11. Bxc6+ bxc6 12. Qf3 c5 13. Rd1 cxd4 14. Qc6+ Qd7 15. Qxd7+ Nxd7 16. Bxd4 0-0-0 17. Bxf6 Nxf6 18. Nc3 c6 19. f3 Kc7 20. Kf2 h6 21. Ke3 g5 22. b4 Nd7 23. c5 a5 24. a3 Nf6 25. b5 cxb5 26. Nxb5+ Kc6 27. Nd6 Nd5+ 28. Kf2 Rd7 29. Nc4 Kxc5 30. Nxa5 Kb5 31. Nb3 Rc8 32. a4+ Ka6 33. Rac1 Rdc7 34. g3 Rc2+ 35. Rxc2 Rxc2+ 36. Rd2 Rc3 37. Rd3 Rxd3 38. Nc5+ Ka5 39. Nxd3 Kxa4 40. Ne5 f6 41. Nf7 h5 42. Ke2 Kb5 43. Nd8 Nc7 44. Ke3 Kc5 45. Ke4 Kd6 46. Nb7+ Ke7 47. Nc5 Nb5 48. Ke3 Nd6 49. Nb3 Nf5+ 50. Kd3 Kd6 51. Nd2 Ke7 52. Ne4 Nd6 53. Nc3 f5 54. h3 Kf6 55. Na4 Nf7 56. Nc5 Ne5+ 57. Ke3 Ng6 58. f4 g4 59. h4 Ke7 60. Nd3 Kd6 61. Kd4 Ne7 62. Nb2 Nc6+ 63. Ke3 Nb4 64. Nc4+ Kc5 65. Ne5 Nd5+ 66. Kd3 Nf6 0-1

[Event "YUG-ch"]
[Site "Kladovo"]
[Date "1991.??.??"]
[Round "1"]
[White "Cvorovic, Marto"]
[Black "Markovic, Miroslav"]
[Result "0-1"]
[WhiteElo "2285"]
[BlackElo "2395"]
[PlyCount "60"]
[EventDate "1991.02.??"]
[EventType "swiss"]
[EventRounds "13"]
[EventCountry "YUG"]
[SourceTitle "TD"]
[Source "ChessBase"]
[SourceDate "1994.03.01"]
[SourceVersion "1"]
[SourceVersionDate "1994.03.01"]
[SourceQuality "1"]

1. e4 c5 2. c3 e5 3. Nf3 Nc6 4. Bc4 Qc7 5. 0-0 Nf6 6. d4 cxd4 7. Ng5 Nd8 8. Qb3 Ne6 9. cxd4 Nxd4 10. Qd3 Ne6 11. Nc3 Be7 12. f4 0-0 13. fxe5 Ng4 14. Bxe6 dxe6 15. Qg3 Nxe5 16. Kh1 Qa5 17. Bd2 Ng6 18. Nf3 Qh5 19. Ne2 b6 20. Nf4 Nxf4 21. Qxf4 f6 22. e5 Bb7 23. Bc3 Bd5 24. Qe3 Rac8 25. Rac1 fxe5 26. Qxe5 Qxe5 27. Bxe5 Rxc1 28. Rxc1 Bc5 29. a3 Rxf3 30. b4 Be3 0-1

[Event "YUG-ch"]
[Site "Kladovo"]
[Date "1991.??.??"]
[Round "3"]
[White "Cvorovic, Marto"]
[Black "Mitkov, Nikola"]
[Result "0-1"]
[WhiteElo "2285"]
[BlackElo "2370"]
[PlyCount "106"]
[EventDate "1991.02.??"]
[EventType "swiss"]
[EventRounds "13"]
[EventCountry "YUG"]
[SourceTitle "TD"]
[Source "ChessBase"]
[SourceDate "1994.03.01"]
[SourceVersion "1"]
[SourceVersionDate "1994.03.01"]
[SourceQuality "1"]

1. e4 e5 2. Nf3 Nc6 3. Bb5 a6 4. Bxc6 dxc6 5. 0-0 f6 6. d4 exd4 7. Nxd4 c5 8. Nb3 Qxd1 9. Rxd1 Bg4 10. f3 Be6 11. Be3 b6 12. Nc3 Bd6 13. Rd2 0-0-0 14. Rad1 Ne7 15. Nc1 h5 16. h4 Rd7 17. N1e2 Ng6 18. Nd5 Be5 19. c3 Bxd5 20. Rxd5 Rxd5 21. Rxd5 Nxh4 22. f4 c6 23. Rd1 Bc7 24. Kf2 Ng6 25. Rh1 Nf8 26. Kf3 Ne6 27. Ng3 g6 28. Ne2 Kd7 29. a4 a5 30. f5 gxf5 31. exf5 Ng7 32. Nf4 Nxf5 33. Nxh5 Ke7 34. Bf4 Bxf4 35. Kxf4 Nd6 36. g4 Nc4 37. Rh2 Kf7 38. b3 Ne5 39. Kf5 Ng6 40. Ke4 Re8+ 41. Kf3 Ne5+ 42. Kf4 Rg8 43. Rg2 Rg5 44. Rg3 c4 45. bxc4 Nxc4 46. Rg2 Ne5 47. Rg1 Kg6 48. Rg2 Nxg4 49. Ng3 Ne5 50. Rg1 Rg4+ 51. Ke3 f5 52. Ne2 Rxg1 53. Nxg1 Kg5 0-1

[Event "YUG-ch"]
[Site "Kladovo"]
[Date "1991.??.??"]
[Round "4"]
[White "Nikolic, Sinisa"]
[Black "Cvorovic, Marto"]
[Result "0-1"]
[WhiteElo "2275"]
[BlackElo "2285"]
[PlyCount "98"]
[EventDate "1991.02.??"]
[EventType "swiss"]
[EventRounds "13"]
[EventCountry "YUG"]
[SourceTitle "TD"]
[Source "ChessBase"]
[SourceDate "1994.03.01"]
[SourceVersion "1"]
[SourceVersionDate "1994.03.01"]
[SourceQuality "1"]

1. d4 Nf6 2. c4 g6 3. Nc3 Bg7 4. e4 d6 5. f3 0-0 6. Be3 Nc6 7. Nge2 Rb8 8. Qd2 a6 9. h4 h5 10. Nd5 b5 11. cxb5 axb5 12. Nxf6+ Bxf6 13. Rc1 Bd7 14. g4 hxg4 15. h5 e5 16. d5 gxf3 17. dxc6 fxe2 18. Qxe2 Be6 19. Qg2 g5 20. Rc2 Kh7 21. b3 g4 22. Bd3 Rg8 23. Qf1 Bg5 24. Bf2 Qf6 25. Bxb5 Qf3 26. Bd3 Bf4 27. Ba7 Qxf1+ 28. Kxf1 Ra8 29. Bg1 g3 30. Kg2 Kh6 31. Be2 Ra3 32. Bb5 Ra5 33. Bd3 Rga8 34. Kf3 Rxa2 35. Be3 Bxe3 36. Kxe3 Rxc2 37. Bxc2 Ra6 38. Rg1 Rxc6 39. Kd2 Kxh5 40. Rxg3 Rb6 41. Kc3 c5 42. Rg8 Rb4 43. Rg3 Rd4 44. Rg8 Kh4 45. Rg1 Bg4 46. Rf1 Bh5 47. Rf2 Bg6 48. Rf1 Kg5 49. Bd3 d5 0-1

[Event "YUG-ch"]
[Site "Kladovo"]
[Date "1991.??.??"]
[Round "2"]
[White "Stanojoski, Zvonko"]
[Black "Cvorovic, Marto"]
[Result "1/2-1/2"]
[WhiteElo "2370"]
[BlackElo "2285"]
[PlyCount "149"]
[EventDate "1991.02.??"]
[EventType "swiss"]
[EventRounds "13"]
[EventCountry "YUG"]
[SourceTitle "TD"]
[Source "ChessBase"]
[SourceDate "1994.03.01"]
[SourceVersion "1"]
[SourceVersionDate "1994.03.01"]
[SourceQuality "1"]

1. e4 d6 2. d4 Nf6 3. Nc3 g6 4. Nf3 Bg7 5. h3 c6 6. a4 a5 7. Bc4 0-0 8. 0-0 Nxe4 9. Bxf7+ Rxf7 10. Nxe4 Na6 11. c3 Nc7 12. Re1 Rf8 13. Bg5 Be6 14. Ng3 Qd7 15. Qd2 Rae8 16. Nh2 Rf7 17. Bh6 Ref8 18. f3 Nd5 19. Ng4 Nf4 20. Bxg7 Kxg7 21. Re3 Bd5 22. Rae1 h5 23. Nf2 Bb3 24. Nd3 Nd5 25. Re4 Kh7 26. Qg5 Bc2 27. Qd2 Bxd3 28. Qxd3 Kg7 29. Kh2 Re8 30. Qd2 Nf6 31. Re6 Nh7 32. d5 Nf8 33. Qg5 cxd5 34. Nxh5+ Kh7 35. Nf4 Rxf4 36. Qxf4 Nxe6 37. Qf7+ Ng7 38. Rd1 Qe6 39. Qxe6 Nxe6 40. Rxd5 b6 41. Rb5 Rb8 42. Rd5 Rc8 43. Rb5 Rc6 44. Kg3 Nc7 45. Rb3 Na6 46. Kf2 Kg7 47. Rb5 Nc7 48. Rb3 Ne6 49. Ke3 Kf6 50. g3 Nc5 51. Ra3 Nd7 52. Kd4 e6 53. f4 g5 54. fxg5+ Kxg5 55. Ra1 d5 56. b3 Nc5 57. Rb1 Ne4 58. c4 Nxg3 59. cxd5 exd5 60. Kxd5 Rc5+ 61. Ke6 Ne2 62. b4 Rf5 63. bxa5 bxa5 64. Rb2 Nf4+ 65. Kd6 Nd3 66. Rd2 Rf3 67. Kc7 Kf4 68. Kb6 Ke3 69. Rg2 Rf5 70. h4 Rd5 71. Kc6 Rc5+ 72. Kb6 Rd5 73. Kc6 Nb4+ 74. Kb6 Nd3 75. Kc6 1/2-1/2